| 000 | 00868nam a2200265 a 4500 | ||
|---|---|---|---|
| 001 | BRL_775 | ||
| 005 | 20190320210906.0 | ||
| 008 | 041013s1973----mx-a######---#000-0#spa-# | ||
| 041 | _aspa | ||
| 044 | _amx | ||
| 050 | 4 |
_aF1391.C5 _b.H67 1973 |
|
| 100 | 1 |
_aHorcasitas de Barros, María Luisa _94501 |
|
| 245 | 1 | 0 |
_aLa artesanía, con raíces prehispánicas, de Santa Clara del Cobre _cMaría Luisa Horcasitas de Barros. |
| 260 |
_aMéxico _bSecretaría de Educación Pública _c1973 |
||
| 300 |
_a186 p. _bil. _c17 cm. |
||
| 500 | _aAu891 | ||
| 504 | _aBibliografía : p. 181-186 | ||
| 610 | 2 | 4 |
_aVilla Escalante, México _xIndustrias [catalógo antiguo] _94502 |
| 650 | 1 | 4 |
_aIndígenas _zTrabajo en metal _94503 |
| 650 | 1 | 4 |
_aMéxico _94504 |
| 650 | 1 | 4 |
_aTrabajo en cobre _94505 |
| 740 | 0 | _aArtesanía de Santa Clara del Cobre | |
| 902 | _aGRL | ||
| 942 |
_2lcc _cB |
||
| 999 |
_c9587 _d9587 |
||